[Event "AUTO-ADV-961"]
[Site "http://www.queenalice.com/game.php?id=427673"]
[Date "2008.7.4"]
[Round "1"]
[White "thw"]
[Black "lclassance"]
[Result "1-0"]
[WhiteElo "1885"]
[BlackElo "1745"]

1. e4 e5 2. Nf3 Nc6 3. Bb5 Qf6 4. O-O Bd6 5. c3 Nge7 6. Re1 O-O 7. Qa4 a6 8.
Bxc6 Nxc6 9. d4 b5 10. Qd1 exd4 11. cxd4 Bf4 12. Bxf4 Qxf4 13. Nc3 Bb7 14. Nd5
Qd6 15. Qb3 Ne7 16. Nxe7+ Qxe7 17. e5 Qe6 18. Qxe6 fxe6 19. Re3 Bxf3 20. Rxf3
Rxf3 21. gxf3 Rf8 22. Kg2 d6 23. Rc1 Rf7 24. exd6 cxd6 25. Rc6 e5 26. dxe5 dxe5
27. Rxa6 Rf5 28. Rb6 Rg5+ 29. Kf1 h5 30. Rxb5 Rf5 31. Ke2 g5 32. a4 g4 33. fxg4
hxg4 34. a5 Rh5 35. a6 Rh6 36. Ra5 1-0

[Event "AUTO-ADV-961"]
[Site "http://www.queenalice.com/game.php?id=427674"]
[Date "2008.7.4"]
[Round "1"]
[White "lclassance"]
[Black "thw"]
[Result "1-0"]
[WhiteElo "1723"]
[BlackElo "1872"]

1. d4 e6 2. d5 exd5 3. Qxd5 Nf6 4. Qe5+ Be7 5. Bg5 O-O 6. Nc3 d6 7. Qf4 h6 8.
Bxf6 Bxf6 9. Ne4 Bxb2 10. Rb1 Be5 11. Qf3 Nc6 12. e3 d5 13. Nd2 Be6 14. Bd3 b6
15. Ne2 Qd6 16. e4 Nd4 17. Nxd4 Bxd4 18. O-O Bf6 19. exd5 Bxd5 20. Ne4 Bxe4 21.
Bxe4 Rae8 22. Rbd1 Qc5 23. Rd5 Qc4 24. Bd3 Qh4 25. Qf5 1-0

[Event "AUTO-ADV-961"]
[Site "http://www.queenalice.com/game.php?id=427681"]
[Date "2008.7.4"]
[Round "1"]
[White "Jackzapo"]
[Black "lclassance"]
[Result "0-1"]
[WhiteElo "1899"]
[BlackElo "1819"]

1. e4 e5 2. Nf3 d6 3. Bc4 Be6 4. Bb3 Bxb3 5. axb3 Nf6 6. c3 Nxe4 7. Qe2 f5 8. d3
Nc5 9. Qc2 Nbd7 10. b4 Na6 11. Qe2 Qf6 12. Na3 Be7 13. Nc4 O-O 14. O-O f4 15. d4
Nab8 16. dxe5 dxe5 17. Ncxe5 Bd6 18. Qc4+ Kh8 19. Ng4 Qf5 20. h3 Nf6 21. Nxf6
Qxf6 22. Re1 Nd7 23. b3 Ne5 24. Nxe5 Bxe5 25. b5 Bxc3 26. Re6 Qf5 27. Ra4 Be5
28. Re7 f3 29. Be3 fxg2 30. Qg4 Qxg4 31. hxg4 Bd6 32. Ree4 b6 33. Ra2 Bc5 34.
Bxc5 bxc5 35. Re5 Rf4 36. Rxc5 Rxg4 37. Rxc7 h5 38. f3 Rb4 39. Re2 Rxb5 40. Ree7
Rg5 41. f4 Rg4 42. f5 Kg8 43. b4 a6 44. Rb7 h4 45. f6 gxf6 46. Rb6 h3 47. Re1 f5
48. Rh6 Rg3 49. Kh2 f4 50. Rf6 Rf3 51. Rg6+ Kf7 52. Ree6 Rb8 53. Rxa6 Rxb4 54.
Rgf6+ Ke7 55. Rfe6+ Kd7 56. Rg6 Rg3 57. Rgd6+ Kc7 58. Rd1 Rb2 59. Rg1 Rg5 60.
Rf6 Rf2 61. Rh6 Rf1 62. Rxh3 f3 63. Rh6 Rxg1 0-1

[Event "AUTO-ADV-961"]
[Site "http://www.queenalice.com/game.php?id=427682"]
[Date "2008.7.4"]
[Round "1"]
[White "lclassance"]
[Black "Jackzapo"]
[Result "1-0"]
[WhiteElo "1801"]
[BlackElo "1847"]

1. e3 e5 2. Nf3 Nc6 3. Bd3 d5 4. e4 Nf6 5. Qe2 Bg4 6. Qe3 d4 7. Qe2 a6 8. h3 Bh5
9. g4 Bg6 10. Nh4 Bd6 11. Nxg6 hxg6 12. Bc4 Qd7 13. f3 O-O-O 14. d3 Na5 15. Nd2
Bb4 16. a3 Bxd2+ 17. Bxd2 Nxc4 18. dxc4 d3 19. cxd3 Qxd3 20. Qxd3 Rxd3 21. Ke2
Rhd8 22. Rad1 Rb3 23. Bc3 Rb6 24. Bxe5 Nd7 25. Bxg7 a5 26. g5 Rc6 27. Rc1 Nc5
28. b4 axb4 29. axb4 Nb3 30. Rc2 Nd4+ 31. Bxd4 Rxd4 32. Rhc1 Rcd6 33. c5 Rd8 34.
b5 R8d7 35. c6 bxc6 36. bxc6 R7d6 37. Ra1 Kd8 38. Ra8+ Ke7 39. Rc8 Rd8 40. Rxc7+
Ke6 41. Ra7 Rc8 42. Ke3 Rd6 43. c7 Rd7 44. Rc6+ Ke7 45. f4 Kf8 46. f5 gxf5 47.
exf5 Re7+ 48. Kf4 Kg8 49. h4 Kg7 50. f6+ 1-0

[Event "AUTO-ADV-998"]
[Site "http://www.queenalice.com/game.php?id=446378"]
[Date "2008.8.9"]
[Round "1"]
[White "lclassance"]
[Black "andre_ramos"]
[Result "1-0"]
[WhiteElo "1790"]
[BlackElo "1677"]

1. e4 d5 2. e5 c5 3. d4 cxd4 4. Qxd4 Bf5 5. Bd3 Nc6 6. Qf4 Bxd3 7. cxd3 d4 8.
Nf3 Nb4 9. Qd2 e6 10. O-O Nc6 11. Na3 Bxa3 12. bxa3 Nge7 13. Bb2 O-O 14. Qf4 Ng6
15. Qe4 Qa5 16. Nxd4 Nxd4 17. Bxd4 Qxa3 18. Rfd1 Rac8 19. Qxb7 a5 20. Bb2 Qb4
21. Qxb4 axb4 22. Rac1 Rxc1 23. Rxc1 Nf4 24. Rd1 Rd8 25. d4 f6 26. exf6 gxf6 27.
g3 Ne2+ 28. Kg2 e5 29. d5 Kf7 30. Kf3 Nc3 31. Bxc3 bxc3 32. Ke4 Rc8 33. Rc1 Rc4+
34. Kd3 Ra4 35. Rc2 Ra3 36. Kc4 Ke7 37. Kc5 Ra5+ 38. Kb4 Rxd5 39. Kxc3 Ke6 40.
a4 Rd4 41. Kb3 Kd7 42. a5 Rd6 43. Ka4 1-0

[Event "AUTO-ADV-998"]
[Site "http://www.queenalice.com/game.php?id=446379"]
[Date "2008.8.9"]
[Round "1"]
[White "andre_ramos"]
[Black "lclassance"]
[Result "0-1"]
[WhiteElo "1691"]
[BlackElo "1752"]

1. d4 d5 2. e3 Nf6 3. c4 dxc4 4. Bxc4 Nd5 5. Nf3 e6 6. e4 Nf6 7. Bg5 h6 8. Bxf6
Qxf6 9. e5 Qg6 10. O-O Bd7 11. h3 Nc6 12. Bd3 f5 13. Bb5 O-O-O 14. Qa4 a6 15.
Bxc6 Bxc6 16. Qb3 Bd5 17. Qe3 Be7 18. Nc3 Bg5 19. Nxg5 hxg5 20. Nxd5 Rxd5 21.
Rac1 f4 22. Qc3 c6 23. f3 Rf8 24. Rcd1 g4 25. hxg4 Qh6 26. Rf2 g5 27. Kf1 Kc7
28. Ke2 Ra8 29. Qb4 Qh7 30. Kd2 Qd7 31. Ke1 a5 32. Qc3 b5 33. b4 axb4 34. Qxb4
Ra4 35. Qc3 Rdxd4 36. Rxd4 Qxd4 37. Qxd4 Rxd4 38. Rd2 Rxd2 39. Kxd2 c5 40. Kd3
Kc6 0-1

[Event "AUTO-ADV-998"]
[Site "http://www.queenalice.com/game.php?id=446380"]
[Date "2008.8.9"]
[Round "1"]
[White "lclassance"]
[Black "faver_154"]
[Result "1-0"]
[WhiteElo "1857"]
[BlackElo "1790"]

1. e4 c5 2. Na3 Nc6 3. Bb5 e5 4. Bxc6 bxc6 5. Nf3 Ba6 6. d3 Qc7 7. Nc4 Bxc4 8.
dxc4 Nf6 9. Qd3 Rd8 10. Bg5 Be7 11. O-O O-O 12. Bxf6 Bxf6 13. h4 d6 14. g4 Qb7
15. b3 d5 16. Rad1 g6 17. exd5 cxd5 18. cxd5 Rd6 19. c4 Re8 20. Rfe1 Qc8 21. Qe4
a5 22. Ng5 1-0

[Event "AUTO-ADV-998"]
[Site "http://www.queenalice.com/game.php?id=446381"]
[Date "2008.8.9"]
[Round "1"]
[White "faver_154"]
[Black "lclassance"]
[Result "0-1"]
[WhiteElo "1777"]
[BlackElo "1870"]

1. e4 e5 2. Nf3 Nc6 3. d4 Bb4+ 4. c3 Bd6 5. Bc4 Qe7 6. O-O exd4 7. cxd4 Nh6 8.
Nc3 O-O 9. e5 Bb4 10. Bg5 Qe8 11. a3 Bxc3 12. bxc3 Na5 13. Ba2 Nf5 14. Qd3 d6
15. Rae1 Qa4 16. c4 Be6 17. d5 Bd7 18. e6 fxe6 19. dxe6 Bc8 20. e7 Re8 21. c5+
Kh8 22. Bf7 Rxe7 0-1

[Event "AUTO-ADV-998"]
[Site "http://www.queenalice.com/game.php?id=446382"]
[Date "2008.8.9"]
[Round "1"]
[White "lclassance"]
[Black "Taura10"]
[Result "1-0"]
[WhiteElo "1838"]
[BlackElo "1903"]

1. e4 e6 2. e5 c5 3. Nf3 d5 4. exd6 Bxd6 5. d4 cxd4 6. Bg5 f6 7. Bh4 Bc5 8. Nbd2
Nc6 9. Bb5 Nh6 10. Bxc6+ bxc6 11. Ne5 Qb6 12. Qh5+ Ke7 13. Ng4 Nxg4 14. Qxg4
Qxb2 15. O-O g5 16. Bxg5 fxg5 17. Qxg5+ Kd7 18. Qg7+ Be7 19. Qxh8 Qxc2 20. Qxd4+
Kc7 21. Qf4+ Bd6 22. Qg5 Qg6 23. Qxg6 hxg6 24. Ne4 Be5 25. Rab1 Ba6 26. Rfe1 Bd3
27. Rb3 Bc2 28. Rh3 Kb6 29. f3 Bd4+ 30. Kh1 c5 31. Rh6 Rg8 32. Nf6 Rd8 33. Rxe6+
Kb5 34. g4 Bd1 35. Kg2 Bc2 36. Ne4 c4 37. Rhxg6 c3 38. Rg5+ Kb4 39. Nxc3 Kxc3
40. h4 Bd3 41. h5 Bc4 42. Rc6 Be3 43. Re5 Rd2+ 44. Kh3 Bf4 45. Rxc4+ Kxc4 46.
Re4+ Rd4 47. Rxd4+ Kxd4 48. Kh4 Ke3 49. g5 Kxf3 50. h6 Be5 51. g6 1-0

[Event "AUTO-ADV-998"]
[Site "http://www.queenalice.com/game.php?id=446383"]
[Date "2008.8.9"]
[Round "1"]
[White "Taura10"]
[Black "lclassance"]
[Result "0-1"]
[WhiteElo "1957"]
[BlackElo "1766"]

1. d4 d5 2. c4 e6 3. cxd5 exd5 4. g3 Bd6 5. Nc3 Bb4 6. Qa4+ Bd7 7. Qxb4 Nc6 8.
Qc5 Nf6 9. Nxd5 Ne4 10. Qc4 Be6 11. Nxc7+ Qxc7 12. Qa4 O-O 13. Bg2 Nd6 14. Bf4
b5 15. Bxd6 Qxd6 16. Qxb5 Nxd4 17. Qd3 Rac8 18. Rd1 Rfd8 19. Nf3 Nxf3+ 20. Bxf3
Qb4+ 0-1

[Event "AUTO-ADV-998"]
[Site "http://www.queenalice.com/game.php?id=503265"]
[Date "2008.12.5"]
[Round "2"]
[White "lclassance"]
[Black "Warley"]
[Result "0-1"]
[WhiteElo "1877"]
[BlackElo "2016"]

1. e4 e5 2. Bc4 Nf6 3. d3 Bc5 4. Qe2 d6 5. Nc3 O-O 6. Bg5 Be6 7. Nf3 Nbd7 8.
Bxf6 Qxf6 9. Bxe6 fxe6 10. O-O-O a6 11. g4 Qxf3 12. Qxf3 Rxf3 13. Rhf1 Raf8 14.
h4 Bxf2 15. h5 Be3+ 0-1

[Event "AUTO-ADV-998"]
[Site "http://www.queenalice.com/game.php?id=503266"]
[Date "2008.12.5"]
[Round "2"]
[White "Warley"]
[Black "lclassance"]
[Result "1-0"]
[WhiteElo "2010"]
[BlackElo "1869"]

1. d4 d5 2. c4 c6 3. cxd5 Qxd5 4. Nc3 Qd7 5. Nf3 f6 6. e4 e6 7. Bd3 Bb4 8. O-O
Bxc3 9. bxc3 Ne7 10. Re1 O-O 11. Nh4 b5 12. Re3 f5 13. Rg3 g6 14. Ba3 fxe4 15.
Bxe4 Rf4 16. Bxg6 Rxh4 17. Be8+ Ng6 18. Bxd7 Bxd7 19. Qf3 e5 20. Qf8# 1-0

[Event "AUTO-ADV-998"]
[Site "http://www.queenalice.com/game.php?id=503267"]
[Date "2008.12.5"]
[Round "2"]
[White "lclassance"]
[Black "THECRAZY"]
[Result "0-1"]
[WhiteElo "1884"]
[BlackElo "1967"]

1. e4 c5 2. d4 cxd4 3. Qxd4 Nc6 4. Qd2 e6 5. Bb5 Nf6 6. Bxc6 bxc6 7. Nc3 Bb4 8.
f3 d5 9. Nge2 Ba6 10. a3 Ba5 11. Qg5 dxe4 12. Qxg7 Rg8 13. Qh6 Rxg2 14. fxe4
Rxe2+ 15. Kf1 Rxh2+ 16. Ke1 Bxc3+ 17. bxc3 Re2+ 0-1

[Event "AUTO-ADV-998"]
[Site "http://www.queenalice.com/game.php?id=503268"]
[Date "2008.12.5"]
[Round "2"]
[White "THECRAZY"]
[Black "lclassance"]
[Result "1-0"]
[WhiteElo "1854"]
[BlackElo "1859"]

1. d4 d5 2. c4 Bf5 3. Nc3 dxc4 4. e4 Bg6 5. Bxc4 e6 6. Nf3 a6 7. O-O Be7 8. Qb3
b5 9. Bd3 Nf6 10. Rd1 Nc6 11. Be3 O-O 12. e5 Nd5 13. Bxg6 fxg6 14. Rac1 Nxe3 15.
fxe3 g5 16. d5 exd5 17. Nxd5 Kh8 18. Nb6 Qxd1+ 19. Rxd1 cxb6 20. Rd7 g4 21. Nd4
Nxd4 22. exd4 Rac8 23. h3 gxh3 24. Rxe7 Rc1+ 25. Kh2 hxg2 26. Qg3 g1=Q+ 27. Qxg1
Rxg1 28. Kxg1 b4 29. Re6 Rb8 30. d5 Rd8 31. Rxb6 g6 32. d6 a5 33. e6 1-0

[Event "Challenge"]
[Site "http://www.queenalice.com/game.php?id=511917"]
[Date "2008.12.24"]
[Round "-"]
[White "Magico"]
[Black "lclassance"]
[Result "0-1"]
[WhiteElo "1625"]
[BlackElo "1871"]

1. d4 d5 2. c3 Nc6 3. Nh3 Bxh3 4. gxh3 Qd6 5. Qb3 O-O-O 6. Na3 a6 7. Be3 e5 8.
Bg2 exd4 9. cxd4 Nf6 10. O-O Qe6 11. Qc3 Ne4 12. Bxe4 dxe4 13. Bd2 Nxd4 14. Rfe1
Bxa3 15. bxa3 h6 16. Rac1 c6 17. Qg3 g5 18. Ba5 Rd7 19. Rcd1 Nb5 20. Rxd7 Qxd7
21. a4 Nc7 22. h4 Rg8 23. Qb3 gxh4+ 24. Kf1 h3 25. Rd1 Nd5 26. Qb1 Qg4 27. Ke1
Qg1+ 28. Kd2 e3+ 29. fxe3 Qxe3+ 30. Kc2 Qc5+ 31. Kb2 Qxa5 32. Ka1 Nc3 33. Qc2
Nxd1 34. Qxd1 Qc3+ 35. Kb1 Rd8 36. Qb3 Qxb3+ 37. axb3 Rd2 38. Kc1 Rxe2 39. Kd1
Rxh2 40. Ke1 Rg2 41. Kf1 Rg6 42. Kf2 h2 43. Kf3 h1=Q+ 44. Kf4 Qh4+ 45. Kf3 Rg3+
46. Kf2 Qh2+ 47. Kf1 Rg1# 0-1